[Event "2nd Easter 4NCL Congress"]
[Site "Daventry"]
[Date "2022.04.17"]
[Round "4"]
[Board "20"]
[White "Liu, Jack"]
[Black "Shearsby, Jude"]
[Result "1/2-1/2"]
[WhiteElo "1913"]
[BlackElo "2053"]
[PlyCount "0"]
[EventDate "2022.04.15"]
[EventRounds "7"]
[EventCountry "ENG"]

1. e4 {[%clk 01:29:38]} {[%emt 00:01:12]} c5 {[%clk 01:30:47]} {[%emt
00:00:12]} 2. Nf3 {[%clk 01:30:02]} {[%emt 00:00:17]} d6 {[%clk 01:31:09]}
{[%emt 00:00:08]} 3. d4 {[%clk 01:30:25]} {[%emt 00:00:06]} cxd4 {[%clk
01:31:32]} {[%emt 00:00:08]} 4. Nxd4 {[%clk 01:30:52]} {[%emt 00:00:03]} Nf6
{[%clk 01:31:52]} {[%emt 00:00:10]} 5. Nc3 {[%clk 01:31:15]} {[%emt 00:00:07]}
a6 {[%clk 01:32:18]} {[%emt 00:00:05]} 6. Bg5 {[%clk 01:31:23]} {[%emt
00:00:21]} e6 {[%clk 01:32:39]} {[%emt 00:00:08]} 7. f4 {[%clk 01:31:42]}
{[%emt 00:00:11]} Be7 {[%clk 01:33:03]} {[%emt 00:00:08]} 8. Qf3 {[%clk
01:31:40]} {[%emt 00:00:31]} Qc7 {[%clk 01:33:26]} {[%emt 00:00:07]} 9. O-O-O
{[%clk 01:32:00]} {[%emt 00:00:10]} Nbd7 {[%clk 01:33:47]} {[%emt 00:00:09]} 10.
g4 {[%clk 01:28:24]} {[%emt 00:04:05]} h6 {[%clk 01:33:23]} {[%emt 00:00:55]}
11. Bh4 {[%clk 01:23:11]} {[%emt 00:05:43]} b5 {[%clk 01:32:05]} {[%emt
00:01:48]} 12. a3 {[%clk 01:21:35]} {[%emt 00:02:05]} Bb7 {[%clk 01:32:05]}
{[%emt 00:00:30]} 13. Bd3 {[%clk 01:11:59]} {[%emt 00:10:07]} g5 {[%clk
01:21:34]} {[%emt 00:11:01]} 14. fxg5 {[%clk 01:02:00]} {[%emt 00:10:29]} Ne5
{[%clk 01:21:23]} {[%emt 00:00:41]} 15. Qe2 {[%clk 01:02:15]} {[%emt 00:00:15]}
Nfxg4 {[%clk 01:21:24]} {[%emt 00:00:29]} 16. Rhg1 {[%clk 00:43:33]} {[%emt
00:19:11]} hxg5 {[%clk 01:17:35]} {[%emt 00:04:20]} 17. Bg3 {[%clk 00:43:29]}
{[%emt 00:00:34]} Qc5 {[%clk 01:14:09]} {[%emt 00:03:57]} 18. Nb3 {[%clk
00:40:20]} {[%emt 00:03:39]} Qe3+ {[%clk 01:14:22]} {[%emt 00:00:16]} 19. Qxe3
{[%clk 00:40:35]} {[%emt 00:00:16]} Nxe3 {[%clk 01:14:50]} {[%emt 00:00:02]} 20.
Bxe5 {[%clk 00:40:16]} {[%emt 00:00:48]} dxe5 {[%clk 01:14:48]} {[%emt
00:00:32]} 21. Rde1 {[%clk 00:40:26]} {[%emt 00:00:20]} Rh3 {[%clk 01:12:15]}
{[%emt 00:03:03]} 22. Rg3 {[%clk 00:32:08]} {[%emt 00:08:48]} Rxg3 {[%clk
01:12:00]} {[%emt 00:00:45]} 23. hxg3 {[%clk 00:32:32]} {[%emt 00:00:06]} Ng4
{[%clk 01:09:31]} {[%emt 00:03:00]} 24. Na5 {[%clk 00:29:40]} {[%emt 00:03:22]}
O-O-O {[%clk 01:06:08]} {[%emt 00:03:53]} 25. Nxb7 {[%clk 00:29:41]} {[%emt
00:00:29]} Kxb7 {[%clk 01:06:26]} {[%emt 00:00:12]} 26. Rf1 {[%clk 00:22:59]}
{[%emt 00:07:12]} Rf8 {[%clk 01:04:42]} {[%emt 00:02:10]} 27. Nd1 {[%clk
00:19:49]} {[%emt 00:03:43]} Kc6 {[%clk 00:59:46]} {[%emt 00:05:25]} 28. Kd2
{[%clk 00:16:31]} {[%emt 00:03:49]} Kd7 {[%clk 00:54:41]} {[%emt 00:05:36]} 29.
Ne3 {[%clk 00:15:53]} {[%emt 00:01:08]} Nf6 {[%clk 00:52:57]} {[%emt 00:02:13]}
30. a4 {[%clk 00:13:26]} {[%emt 00:02:58]} Kc6 {[%clk 00:47:50]} {[%emt
00:05:38]} 31. axb5+ {[%clk 00:10:13]} {[%emt 00:03:43]} axb5 {[%clk 00:46:33]}
{[%emt 00:01:47]} 32. Rh1 {[%clk 00:05:31]} {[%emt 00:05:10]} Bc5 {[%clk
00:45:53]} {[%emt 00:01:11]} 33. Ke2 {[%clk 00:03:22]} {[%emt 00:02:40]} Ne8
{[%clk 00:41:43]} {[%emt 00:04:39]} 34. Ng4 {[%clk 00:03:20]} {[%emt 00:00:31]}
Bd6 {[%clk 00:41:44]} {[%emt 00:00:30]} 35. Rf1 {[%clk 00:02:11]} {[%emt
00:01:39]} Ng7 {[%clk 00:41:05]} {[%emt 00:01:09]} 36. Nf6 {[%clk 00:01:39]}
{[%emt 00:01:02]} Rh8 {[%clk 00:38:08]} {[%emt 00:03:28]} 37. Ng4 {[%clk
00:01:53]} {[%emt 00:00:14]} f5 {[%clk 00:19:35]} {[%emt 00:19:03]} 38. exf5
{[%clk 00:01:56]} {[%emt 00:00:28]} exf5 {[%clk 00:18:21]} {[%emt 00:01:44]} 39.
Bxf5 {[%clk 00:02:22]} {[%emt 00:00:03]} Kc5 {[%clk 00:18:07]} {[%emt
00:00:45]} 40. Be4 {[%clk 00:01:50]} {[%emt 00:01:02]} Nh5 {[%clk 00:17:58]}
{[%emt 00:00:39]} 41. Rg1 {[%clk 00:01:45]} {[%emt 00:00:35]} b4 {[%clk
00:16:10]} {[%emt 00:02:19]} 42. b3 {[%clk 00:01:29]} {[%emt 00:00:46]} Bc7
{[%clk 00:15:40]} {[%emt 00:00:59]} 43. Bg6 {[%clk 00:00:57]} {[%emt 00:01:02]}
e4 {[%clk 00:15:52]} {[%emt 00:00:19]} 44. Bxh5 {[%clk 00:01:10]} {[%emt
00:00:17]} Rxh5 {[%clk 00:16:13]} {[%emt 00:00:08]} 45. Ke3 {[%clk 00:01:34]}
{[%emt 00:00:06]} Rh3 {[%clk 00:15:48]} {[%emt 00:00:56]} 46. Kxe4 {[%clk
00:01:01]} {[%emt 00:01:02]} Bxg3 {[%clk 00:15:20]} {[%emt 00:00:58]} 47. Ne5
{[%clk 00:00:32]} {[%emt 00:00:59]} Bxe5 {[%clk 00:14:55]} {[%emt 00:00:55]} 48.
Kxe5 {[%clk 00:00:53]} {[%emt 00:00:11]} Re3 {[%clk 00:15:17]} {[%emt
00:00:06]} 49. Kf5 {[%clk 00:01:01]} {[%emt 00:00:22]} Re2 {[%clk 00:14:37]}
{[%emt 00:01:10]} 50. Rxg5 {[%clk 00:01:22]} {[%emt 00:00:09]}  1/2-1/2

[Event "2nd Easter 4NCL Congress"]
[Site "Daventry"]
[Date "2022.04.17"]
[Round "4"]
[Board "21"]
[White "Chen, Daniel Xingyu"]
[Black "Phan, Stefanus"]
[Result "0-1"]
[WhiteElo "1831"]
[BlackElo "2038"]
[PlyCount "0"]
[EventDate "2022.04.15"]
[EventRounds "7"]
[EventCountry "ENG"]

1. e4 {[%clk 01:30:57]} {[%emt 00:00:02]} c6 {[%clk 01:30:51]} {[%emt
00:00:09]} 2. d4 {[%clk 01:31:19]} {[%emt 00:00:08]} d5 {[%clk 01:31:15]}
{[%emt 00:00:06]} 3. exd5 {[%clk 01:31:42]} {[%emt 00:00:07]} cxd5 {[%clk
01:31:38]} {[%emt 00:00:07]} 4. c4 {[%clk 01:32:01]} {[%emt 00:00:12]} Nf6
{[%clk 01:32:02]} {[%emt 00:00:05]} 5. Nc3 {[%clk 01:32:24]} {[%emt 00:00:07]}
Nc6 {[%clk 01:32:23]} {[%emt 00:00:08]} 6. Nf3 {[%clk 01:32:45]} {[%emt
00:00:10]} Bg4 {[%clk 01:32:38]} {[%emt 00:00:15]} 7. cxd5 {[%clk 01:33:07]}
{[%emt 00:00:08]} Nxd5 {[%clk 01:33:01]} {[%emt 00:00:07]} 8. Qb3 {[%clk
01:33:27]} {[%emt 00:00:10]} Bxf3 {[%clk 01:33:24]} {[%emt 00:00:07]} 9. gxf3
{[%clk 01:33:52]} {[%emt 00:00:05]} e6 {[%clk 01:33:44]} {[%emt 00:00:10]} 10.
Qxb7 {[%clk 01:34:10]} {[%emt 00:00:13]} Nxd4 {[%clk 01:34:07]} {[%emt
00:00:07]} 11. Bb5+ {[%clk 01:34:24]} {[%emt 00:00:16]} Nxb5 {[%clk 01:34:27]}
{[%emt 00:00:10]} 12. Qc6+ {[%clk 01:34:36]} {[%emt 00:00:18]} Ke7 {[%clk
01:34:46]} {[%emt 00:00:10]} 13. Qxb5 {[%clk 01:34:55]} {[%emt 00:00:12]} Qd7
{[%clk 01:35:02]} {[%emt 00:00:13]} 14. Nxd5+ {[%clk 01:35:18]} {[%emt
00:00:08]} Qxd5 {[%clk 01:35:20]} {[%emt 00:00:12]} 15. Qxd5 {[%clk 01:35:40]}
{[%emt 00:00:08]} exd5 {[%clk 01:35:45]} {[%emt 00:00:05]} 16. Bf4 {[%clk
01:35:41]} {[%emt 00:00:28]} Ke6 {[%clk 01:34:43]} {[%emt 00:01:32]} 17. O-O-O
{[%clk 01:35:56]} {[%emt 00:00:15]} Bb4 {[%clk 01:32:41]} {[%emt 00:02:32]} 18.
a3 {[%clk 01:35:26]} {[%emt 00:01:00]} Rac8+ {[%clk 01:32:40]} {[%emt
00:00:31]} 19. Kb1 {[%clk 01:35:37]} {[%emt 00:00:20]} Ba5 {[%clk 01:30:36]}
{[%emt 00:02:34]} 20. b4 {[%clk 01:35:46]} {[%emt 00:00:21]} Bb6 {[%clk
01:30:10]} {[%emt 00:00:56]} 21. Rhe1+ {[%clk 01:35:27]} {[%emt 00:00:48]} Kf5
{[%clk 01:27:21]} {[%emt 00:03:19]} 22. Bg3 {[%clk 01:34:31]} {[%emt 00:01:26]}
d4 {[%clk 01:27:28]} {[%emt 00:00:24]} 23. Re5+ {[%clk 01:15:04]} {[%emt
00:19:57]} Kg6 {[%clk 01:22:43]} {[%emt 00:05:15]} 24. Re4 {[%clk 01:07:30]}
{[%emt 00:08:04]} f6 {[%clk 01:15:07]} {[%emt 00:08:06]} 25. Rd3 {[%clk
00:43:26]} {[%emt 00:24:33]} Rc4 {[%clk 01:05:53]} {[%emt 00:09:44]} 26. Re2
{[%clk 00:38:29]} {[%emt 00:05:28]} Kf5 {[%clk 00:46:54]} {[%emt 00:19:29]} 27.
h3 {[%clk 00:35:04]} {[%emt 00:03:55]} h5 {[%clk 00:41:42]} {[%emt 00:05:42]}
28. Kb2 {[%clk 00:31:16]} {[%emt 00:04:19]} h4 {[%clk 00:31:31]} {[%emt
00:10:41]} 29. Bh2 {[%clk 00:27:54]} {[%emt 00:03:52]} Rhc8 {[%clk 00:28:11]}
{[%emt 00:03:49]} 30. Bd6 {[%clk 00:23:31]} {[%emt 00:04:53]} Rc1 {[%clk
00:19:21]} {[%emt 00:09:19]} 31. Bc5 {[%clk 00:13:43]} {[%emt 00:10:20]} Rh1
{[%clk 00:18:03]} {[%emt 00:01:48]} 32. Bxb6 {[%clk 00:13:45]} {[%emt
00:00:28]} axb6 {[%clk 00:18:25]} {[%emt 00:00:08]} 33. f4 {[%clk 00:13:38]}
{[%emt 00:00:36]} Rc3 {[%clk 00:17:40]} {[%emt 00:01:15]} 34. Rxd4 {[%clk
00:07:55]} {[%emt 00:06:13]} Rhxh3 {[%clk 00:17:25]} {[%emt 00:00:45]} 35. Rd5+
{[%clk 00:08:04]} {[%emt 00:00:22]} Kxf4 {[%clk 00:16:39]} {[%emt 00:01:16]} 36.
Rd4+ {[%clk 00:06:16]} {[%emt 00:02:18]} Kg5 {[%clk 00:17:02]} {[%emt
00:00:06]} 37. f4+ {[%clk 00:05:57]} {[%emt 00:00:51]} Kf5 {[%clk 00:16:13]}
{[%emt 00:01:18]} 38. Rg2 {[%clk 00:04:07]} {[%emt 00:02:20]} Rhg3 {[%clk
00:14:03]} {[%emt 00:02:40]} 39. Rh2 {[%clk 00:03:08]} {[%emt 00:01:28]} h3
{[%clk 00:13:49]} {[%emt 00:00:45]} 40. Rdd2 {[%clk 00:02:56]} {[%emt
00:00:42]} Rb3+ {[%clk 00:13:54]} {[%emt 00:00:25]} 41. Kc2 {[%clk 00:03:13]}
{[%emt 00:00:13]} Rxa3 {[%clk 00:14:17]} {[%emt 00:00:07]}  0-1

[Event "2nd Easter 4NCL Congress"]
[Site "Daventry"]
[Date "2022.04.17"]
[Round "4"]
[Board "22"]
[White "Varley, Joe"]
[Black "Li, Ethan Bingxuan"]
[Result "0-1"]
[WhiteElo "2008"]
[BlackElo "1851"]
[PlyCount "0"]
[EventDate "2022.04.15"]
[EventRounds "7"]
[EventCountry "ENG"]

1. e4 {[%clk 01:30:56]} {[%emt 00:00:03]} c5 {[%clk 01:30:52]} {[%emt
00:00:08]} 2. Nf3 {[%clk 01:31:21]} {[%emt 00:00:05]} Nc6 {[%clk 01:31:10]}
{[%emt 00:00:12]} 3. d4 {[%clk 01:31:43]} {[%emt 00:00:08]} cxd4 {[%clk
01:31:32]} {[%emt 00:00:07]} 4. Nxd4 {[%clk 01:32:07]} {[%emt 00:00:07]} Qc7
{[%clk 01:31:50]} {[%emt 00:00:12]} 5. c4 {[%clk 01:31:14]} {[%emt 00:01:23]}
Nf6 {[%clk 01:31:52]} {[%emt 00:00:28]} 6. Nc3 {[%clk 01:31:17]} {[%emt
00:00:27]} e6 {[%clk 01:32:10]} {[%emt 00:00:11]} 7. Be3 {[%clk 01:30:32]}
{[%emt 00:01:16]} a6 {[%clk 01:29:13]} {[%emt 00:03:27]} 8. Be2 {[%clk
01:30:33]} {[%emt 00:00:28]} Bb4 {[%clk 01:28:35]} {[%emt 00:01:09]} 9. Qc2
{[%clk 01:29:06]} {[%emt 00:01:57]} O-O {[%clk 01:28:37]} {[%emt 00:00:28]} 10.
O-O {[%clk 01:29:30]} {[%emt 00:00:06]} Bxc3 {[%clk 01:25:41]} {[%emt
00:03:27]} 11. bxc3 {[%clk 01:29:50]} {[%emt 00:00:09]} d5 {[%clk 01:25:33]}
{[%emt 00:00:37]} 12. cxd5 {[%clk 01:22:53]} {[%emt 00:07:27]} exd5 {[%clk
01:25:25]} {[%emt 00:00:39]} 13. Nxc6 {[%clk 01:22:48]} {[%emt 00:00:35]} Qxc6
{[%clk 01:24:05]} {[%emt 00:01:50]} 14. e5 {[%clk 01:19:38]} {[%emt 00:03:40]}
Ne4 {[%clk 01:23:14]} {[%emt 00:01:20]} 15. Bd3 {[%clk 01:20:01]} {[%emt
00:00:08]} h6 {[%clk 01:22:36]} {[%emt 00:01:08]} 16. c4 {[%clk 01:18:01]}
{[%emt 00:02:29]} Be6 {[%clk 01:13:31]} {[%emt 00:09:35]} 17. f3 {[%clk
01:08:59]} {[%emt 00:09:33]} Ng5 {[%clk 01:12:19]} {[%emt 00:01:42]} 18. c5
{[%clk 01:09:10]} {[%emt 00:00:19]} d4 {[%clk 00:49:32]} {[%emt 00:23:17]} 19.
Bxd4 {[%clk 01:08:08]} {[%emt 00:01:32]} Rfd8 {[%clk 00:45:57]} {[%emt
00:04:05]} 20. Bb2 {[%clk 01:08:06]} {[%emt 00:00:33]} Rac8 {[%clk 00:44:56]}
{[%emt 00:01:30]} 21. Rac1 {[%clk 01:06:24]} {[%emt 00:02:12]} Bxa2 {[%clk
00:42:33]} {[%emt 00:02:53]} 22. f4 {[%clk 00:55:09]} {[%emt 00:11:45]} Ne6
{[%clk 00:41:00]} {[%emt 00:02:03]} 23. Ba3 {[%clk 00:55:04]} {[%emt 00:00:35]}
Bd5 {[%clk 00:39:53]} {[%emt 00:01:37]} 24. f5 {[%clk 00:49:18]} {[%emt
00:06:17]} Nf8 {[%clk 00:36:37]} {[%emt 00:03:45]} 25. Rf2 {[%clk 00:46:40]}
{[%emt 00:03:07]} Re8 {[%clk 00:32:23]} {[%emt 00:04:45]} 26. Bb2 {[%clk
00:45:30]} {[%emt 00:01:40]} Rc7 {[%clk 00:24:48]} {[%emt 00:08:04]} 27. Bd4
{[%clk 00:44:28]} {[%emt 00:01:32]} Rd7 {[%clk 00:25:04]} {[%emt 00:00:15]} 28.
f6 {[%clk 00:41:34]} {[%emt 00:03:24]} g6 {[%clk 00:24:40]} {[%emt 00:00:54]}
29. Bb2 {[%clk 00:40:28]} {[%emt 00:01:36]} Red8 {[%clk 00:23:55]} {[%emt
00:01:15]} 30. Re1 {[%clk 00:35:28]} {[%emt 00:05:29]} Bb3 {[%clk 00:18:30]}
{[%emt 00:05:56]} 31. Qxb3 {[%clk 00:34:41]} {[%emt 00:01:17]} Rxd3 {[%clk
00:18:54]} {[%emt 00:00:06]} 32. Qc2 {[%clk 00:34:43]} {[%emt 00:00:27]} Ne6
{[%clk 00:18:30]} {[%emt 00:00:54]} 33. Qc1 {[%clk 00:32:39]} {[%emt 00:02:34]}
Qxc5 {[%clk 00:16:45]} {[%emt 00:02:16]} 34. Qxc5 {[%clk 00:32:38]} {[%emt
00:00:31]} Nxc5 {[%clk 00:17:09]} {[%emt 00:00:07]} 35. Rc2 {[%clk 00:30:49]}
{[%emt 00:02:18]} b6 {[%clk 00:15:45]} {[%emt 00:01:55]} 36. h3 {[%clk
00:29:09]} {[%emt 00:02:09]} Rd1 {[%clk 00:15:37]} {[%emt 00:00:38]} 37. Rxd1
{[%clk 00:29:25]} {[%emt 00:00:13]} Rxd1+ {[%clk 00:16:04]} {[%emt 00:00:04]}
38. Kh2 {[%clk 00:29:48]} {[%emt 00:00:07]} g5 {[%clk 00:15:56]} {[%emt
00:00:39]} 39. Rc4 {[%clk 00:28:23]} {[%emt 00:01:54]} Rb1 {[%clk 00:14:58]}
{[%emt 00:01:28]} 40. Bd4 {[%clk 00:28:22]} {[%emt 00:00:31]} Ne6 {[%clk
00:14:42]} {[%emt 00:00:46]} 41. Bf2 {[%clk 00:28:18]} {[%emt 00:00:34]} a5
{[%clk 00:14:55]} {[%emt 00:00:18]} 42. Rc8+ {[%clk 00:28:16]} {[%emt
00:00:31]} Kh7 {[%clk 00:15:22]} {[%emt 00:00:03]} 43. Ra8 {[%clk 00:28:31]}
{[%emt 00:00:15]} Rb2 {[%clk 00:14:14]} {[%emt 00:01:39]} 44. Kg1 {[%clk
00:27:08]} {[%emt 00:01:52]} Kg6 {[%clk 00:13:48]} {[%emt 00:00:56]} 45. Ra7
{[%clk 00:26:56]} {[%emt 00:00:41]} Rb4 {[%clk 00:13:57]} {[%emt 00:00:22]} 46.
Ra6 {[%clk 00:26:42]} {[%emt 00:00:45]} Kf5 {[%clk 00:13:39]} {[%emt 00:00:46]}
47. Bxb6 {[%clk 00:26:17]} {[%emt 00:00:57]} Kxe5 {[%clk 00:13:57]} {[%emt
00:00:11]} 48. Bxa5 {[%clk 00:26:06]} {[%emt 00:00:41]} Rb1+ {[%clk 00:14:20]}
{[%emt 00:00:07]} 49. Kh2 {[%clk 00:26:30]} {[%emt 00:00:05]} Kxf6 {[%clk
00:14:46]} {[%emt 00:00:05]} 50. Bc3+ {[%clk 00:26:35]} {[%emt 00:00:25]} Kg6
{[%clk 00:15:05]} {[%emt 00:00:12]} 51. Ra8 {[%clk 00:26:47]} {[%emt 00:00:18]}
Rc1 {[%clk 00:14:53]} {[%emt 00:00:42]} 52. Bb2 {[%clk 00:26:48]} {[%emt
00:00:28]} Rc2 {[%clk 00:15:15]} {[%emt 00:00:08]} 53. Be5 {[%clk 00:26:50]}
{[%emt 00:00:27]} Re2 {[%clk 00:15:18]} {[%emt 00:00:28]} 54. Rg8+ {[%clk
00:26:32]} {[%emt 00:00:48]} Kf5 {[%clk 00:15:34]} {[%emt 00:00:14]} 55. Bd6
{[%clk 00:26:40]} {[%emt 00:00:23]} h5 {[%clk 00:15:46]} {[%emt 00:00:18]} 56.
Kg1 {[%clk 00:26:51]} {[%emt 00:00:17]} h4 {[%clk 00:16:07]} {[%emt 00:00:10]}
57. Kf1 {[%clk 00:26:53]} {[%emt 00:00:27]} Rd2 {[%clk 00:16:23]} {[%emt
00:00:15]} 58. Be7 {[%clk 00:27:00]} {[%emt 00:00:23]} Kf4 {[%clk 00:16:17]}
{[%emt 00:00:37]} 59. Ra8 {[%clk 00:27:02]} {[%emt 00:00:27]} Kg3 {[%clk
00:14:12]} {[%emt 00:02:35]} 60. Ra3+ {[%clk 00:25:47]} {[%emt 00:01:46]} Kh2
{[%clk 00:14:34]} {[%emt 00:00:08]} 61. Rf3 {[%clk 00:24:40]} {[%emt 00:01:36]}
Rxg2 {[%clk 00:14:27]} {[%emt 00:00:37]} 62. Bd6+ {[%clk 00:24:20]} {[%emt
00:00:49]} Rg3 {[%clk 00:12:56]} {[%emt 00:02:02]} 63. Rxf7 {[%clk 00:22:40]}
{[%emt 00:02:10]} Kxh3 {[%clk 00:13:13]} {[%emt 00:00:14]} 64. Bxg3 {[%clk
00:22:12]} {[%emt 00:00:57]} Kxg3 {[%clk 00:13:40]} {[%emt 00:00:03]} 65. Ra7
{[%clk 00:21:57]} {[%emt 00:00:45]} Nd4 {[%clk 00:13:28]} {[%emt 00:00:42]} 66.
Kg1 {[%clk 00:21:27]} {[%emt 00:00:59]} g4 {[%clk 00:13:37]} {[%emt 00:00:22]}
67. Ra3+ {[%clk 00:21:41]} {[%emt 00:00:16]} Nf3+ {[%clk 00:13:45]} {[%emt
00:00:22]} 68. Kh1 {[%clk 00:22:04]} {[%emt 00:00:06]} h3 {[%clk 00:14:00]}
{[%emt 00:00:16]} 69. Ra4 {[%clk 00:22:25]} {[%emt 00:00:10]} Ne1 {[%clk
00:13:13]} {[%emt 00:01:16]} 70. Rd4 {[%clk 00:22:17]} {[%emt 00:00:38]} Ng2
{[%clk 00:12:09]} {[%emt 00:01:35]} 71. Ra4 {[%clk 00:21:50]} {[%emt 00:00:56]}
Kh4 {[%clk 00:10:59]} {[%emt 00:01:40]} 72. Kh2 {[%clk 00:22:05]} {[%emt
00:00:16]} Ne3 {[%clk 00:10:41]} {[%emt 00:00:47]} 73. Re4 {[%clk 00:22:13]}
{[%emt 00:00:22]} Nf1+ {[%clk 00:10:44]} {[%emt 00:00:27]} 74. Kg1 {[%clk
00:22:28]} {[%emt 00:00:15]} h2+ {[%clk 00:11:03]} {[%emt 00:00:11]} 75. Kg2
{[%clk 00:21:47]} {[%emt 00:01:11]} h1=Q+ {[%clk 00:11:28]} {[%emt 00:00:05]}
76. Kxh1 {[%clk 00:22:10]} {[%emt 00:00:07]} Ng3+ {[%clk 00:11:56]} {[%emt
00:00:03]} 77. Kg2 {[%clk 00:22:02]} {[%emt 00:00:37]} Nxe4 {[%clk 00:12:22]}
{[%emt 00:00:04]}  0-1

[Event "2nd Easter 4NCL Congress"]
[Site "Daventry"]
[Date "2022.04.17"]
[Round "4"]
[Board "23"]
[White "Chan, Sheng Liang Bernard"]
[Black "Gordon, Sean"]
[Result "1-0"]
[WhiteElo "2086"]
[BlackElo "1887"]
[PlyCount "0"]
[EventDate "2022.04.15"]
[EventRounds "7"]
[EventCountry "ENG"]

1. d4 {[%clk 01:30:55]} {[%emt 00:00:03]} Nf6 {[%clk 01:30:56]} {[%emt
00:00:06]} 2. c4 {[%clk 01:31:18]} {[%emt 00:00:06]} g6 {[%clk 01:31:06]}
{[%emt 00:00:20]} 3. Nc3 {[%clk 01:31:43]} {[%emt 00:00:06]} d5 {[%clk
01:31:22]} {[%emt 00:00:14]} 4. cxd5 {[%clk 01:32:03]} {[%emt 00:00:10]} Nxd5
{[%clk 01:31:46]} {[%emt 00:00:07]} 5. e4 {[%clk 01:32:28]} {[%emt 00:00:04]}
Nxc3 {[%clk 01:32:10]} {[%emt 00:00:06]} 6. bxc3 {[%clk 01:32:54]} {[%emt
00:00:03]} Bg7 {[%clk 01:32:28]} {[%emt 00:00:13]} 7. Nf3 {[%clk 01:33:20]}
{[%emt 00:00:04]} c5 {[%clk 01:32:45]} {[%emt 00:00:12]} 8. Bb5+ {[%clk
01:33:45]} {[%emt 00:00:06]} Bd7 {[%clk 01:29:53]} {[%emt 00:03:22]} 9. Bxd7+
{[%clk 01:34:07]} {[%emt 00:00:08]} Qxd7 {[%clk 01:29:15]} {[%emt 00:01:08]} 10.
O-O {[%clk 01:34:20]} {[%emt 00:00:16]} Nc6 {[%clk 01:24:57]} {[%emt 00:04:49]}
11. e5 {[%clk 01:31:38]} {[%emt 00:03:13]} cxd4 {[%clk 01:24:01]} {[%emt
00:01:25]} 12. cxd4 {[%clk 01:32:01]} {[%emt 00:00:07]} O-O {[%clk 01:23:11]}
{[%emt 00:01:20]} 13. Bb2 {[%clk 01:28:56]} {[%emt 00:03:35]} Nb4 {[%clk
01:18:10]} {[%emt 00:05:31]} 14. Qb3 {[%clk 01:26:28]} {[%emt 00:02:57]} Nd5
{[%clk 01:17:33]} {[%emt 00:01:07]} 15. Rfe1 {[%clk 01:26:26]} {[%emt
00:00:32]} Rac8 {[%clk 01:12:25]} {[%emt 00:05:39]} 16. Ng5 {[%clk 01:25:38]}
{[%emt 00:01:18]} e6 {[%clk 01:07:04]} {[%emt 00:05:51]} 17. Ne4 {[%clk
01:22:46]} {[%emt 00:03:23]} Rc6 {[%clk 01:04:11]} {[%emt 00:03:22]} 18. Ba3
{[%clk 01:05:22]} {[%emt 00:17:54]} Rd8 {[%clk 01:00:48]} {[%emt 00:03:52]} 19.
Nc5 {[%clk 01:00:31]} {[%emt 00:05:22]} Qc7 {[%clk 00:59:32]} {[%emt 00:01:46]}
20. Ne4 {[%clk 00:56:28]} {[%emt 00:04:34]} Bh6 {[%clk 00:54:51]} {[%emt
00:05:11]} 21. Bd6 {[%clk 00:52:44]} {[%emt 00:04:13]} Qc8 {[%clk 00:50:46]}
{[%emt 00:04:35]} 22. a4 {[%clk 00:39:53]} {[%emt 00:13:21]} b6 {[%clk
00:45:23]} {[%emt 00:05:54]} 23. a5 {[%clk 00:38:29]} {[%emt 00:01:54]} Rc4
{[%clk 00:35:56]} {[%emt 00:09:57]} 24. Bc5 {[%clk 00:36:30]} {[%emt 00:02:29]}
Rxc5 {[%clk 00:33:30]} {[%emt 00:02:56]} 25. dxc5 {[%clk 00:36:45]} {[%emt
00:00:15]} bxc5 {[%clk 00:32:18]} {[%emt 00:01:42]} 26. Qc4 {[%clk 00:31:37]}
{[%emt 00:05:37]} Bf8 {[%clk 00:30:26]} {[%emt 00:02:22]} 27. a6 {[%clk
00:23:29]} {[%emt 00:08:38]} Nb6 {[%clk 00:27:12]} {[%emt 00:03:45]} 28. Nf6+
{[%clk 00:23:00]} {[%emt 00:00:58]} Kg7 {[%clk 00:26:46]} {[%emt 00:00:56]} 29.
Qh4 {[%clk 00:23:21]} {[%emt 00:00:09]} h6 {[%clk 00:26:20]} {[%emt 00:00:56]}
30. Ra3 {[%clk 00:19:20]} {[%emt 00:04:31]} Rd4 {[%clk 00:23:14]} {[%emt
00:03:36]} 31. f4 {[%clk 00:17:09]} {[%emt 00:02:42]} g5 {[%clk 00:18:41]}
{[%emt 00:05:02]} 32. Rg3 {[%clk 00:17:13]} {[%emt 00:00:25]} Nd5 {[%clk
00:16:20]} {[%emt 00:02:53]} 33. Rxg5+ {[%clk 00:17:24]} {[%emt 00:00:18]}  1-0